| 000 | 00559nam a22001931a 4500 | ||
|---|---|---|---|
| 001 | 2002 | ||
| 003 | OSt | ||
| 005 | 20260204211756.0 | ||
| 008 | 040123s1981||||dr ||||||b||||||||||spa|| | ||
| 050 | _aRD 460 A88c | ||
| 082 | _aRD 460 A88c | ||
| 245 | _aCapacitación docente a través de módulos: módulo introdutorio, lenguajes al servicio de la comunicación / Estela Antonie | ||
| 264 | _aSanto Domingo : SEEBAC | ||
| 300 | _a135 p. | ||
| 500 | _aIncluye bibliografía | ||
| 650 | _a1.Lengua Española | ||
| 700 | _aAntonie, EstelaÌ | ||
| 942 |
_2ddc _cBK |
||
| 999 |
_c2002 _d2002 |
||